[Event "32nd Iranian Women-ch 2022"]
[Site "Kermanshah"]
[Date "2022.03.03"]
[Round "4.1"]
[White "Asgharzadeh, Mitra"]
[Black "Asadi, Motahare"]
[Result "1-0"]
[WhiteElo "1950"]
[BlackElo "2093"]
[Annotator "TA"]
[PlyCount "63"]
[EventDate "2022.02.28"]
[EventType "tourn"]
[EventCountry "IRI"]
[SourceTitle "playchess.com"]
[Source "ChessBase"]
[SourceQuality "1"]

{[%evp 9,63,0,27,-25,75,60,56,68,68,70,107,105,112,121,127,118,183,143,162,118,125,115,191,187,247,254,239,236,366,380,416,279,291,121,117,150,154,0,533,508,514,19,30,0,420,439,430,421,1116,817,29978,29980,29963,6841,29987,29979]} 1. d4 Nf6 2. Bf4 g6 3. Nc3 d5 4. e3 Bg7 5. h4 c5 6. h5 {A45: Trompowsky Attack.} ({White should play} 6. Nb5 Na6 7. Nf3) 6... Ne4 (6... cxd4 $11 7. h6 (7. Qxd4 Nc6 $17) (7. exd4 Nxh5 8. Rxh5 gxh5 $15) 7... Bxh6 $1 8. Bxh6 dxc3) 7. Nxe4 $16 dxe4 8. c3 {[#] White is slightly better.} cxd4 $146 ({Predecessor:} 8... Nc6 9. d5 Qa5 10. f3 Ne5 11. h6 Bf6 12. fxe4 g5 13. Bg3 Qc7 14. Bb5+ Kf8 {1-0 (60) Indjic,A (2599)-Nenezic,M (2506) Niksic 2018}) 9. exd4 Nc6 10. d5 $1 e5 11. Be3 Ne7 12. Qa4+ Kf8 (12... Bd7 $16 {is a better defense.} 13. Qxe4 Bf5 14. Qa4+ Bd7) 13. Bc5 {Hoping for d6.} Bf5 (13... Qxd5 $2 14. Rd1 $1 Bd7 15. Qxd7 $18 (15. Rxd5 Bxa4 16. h6 Bf6 $15)) 14. Bc4 (14. Rd1 $18) 14... Bh6 15. Bb3 $36 {[%cal Og2g4][%mdl 2048] And now g4! would win. Keeping Black busy. White is more active.} Kg7 (15... Qd7 $16) 16. g4 $1 $18 Bxg4 (16... Bd7 $142 17. Qxe4 Ng8) 17. Qxe4 Bf4 18. h6+ Kf6 (18... Kg8 $142 19. Qg2 Bd7) 19. Rh4 (19. Bd4 g5 $18) 19... Qd7 20. Nf3 {[%cal Oe4f4] Black must now prevent Qxf4+!} Qf5 21. Bxe7+ {Chess con chili.} (21. Qb4 $18 {[%csl Gb4][%cal Rc5e7] and the rest is easy.} Rae8 22. Rxg4 $1 {[%mdl 512]} Qxg4 23. Bxe7+ Rxe7 24. Qd6+ Re6 25. dxe6 fxe6 26. Ke2) 21... Kxe7 $16 {[#]} 22. Qb4+ (22. d6+ Kf6 23. Qxb7 Qd7 $14) 22... Kd8 {[#]} 23. Qd6+ $2 ({White should try} 23. Qxb7 $1 $16 {aiming for d6.} Qc8 24. Qxf7 Bxf3 25. Qf6+ Kc7 26. Qe7+ (26. Rxf4 exf4 27. Qe7+ Kb8 $16) 26... Kb8 27. Qb4+ (27. Rxf4 exf4 28. Qb4+ Kc7 $16) 27... Kc7 28. Qe7+ (28. Rxf4 exf4 29. Qxf4+ Kb7 $14) 28... Kb8 29. Qb4+ (29. Rxf4 exf4 30. Qb4+ Kc7 $16) 29... Kc7 30. Qe7+ (30. Rxf4 exf4 31. Qxf4+ Kb7 $14)) 23... Qd7 {[%mdl 8192]} (23... Kc8 $11 {and Black has nothing to worry.} 24. Qc5+ Kb8 25. Qd6+ Kc8 26. Qc5+ Kb8 27. Qd6+ Kc8) 24. Qf6+ $18 Kc7 25. d6+ $2 (25. Nxe5 $18 Bxe5 26. Qxe5+ Qd6 27. Qxd6+ Kxd6 28. Rxg4) 25... Kb6 $1 $11 26. Nd2 Rac8 {[%mdl 8192] [#]} (26... Bxd2+ $11 {and Black is okay.} 27. Kxd2 Rad8) 27. Rxg4 $1 $18 {[%mdl 512]} Qxg4 28. d7+ $1 Ka5 (28... Kc7 $142) 29. dxc8=Q Rxc8 30. Nc4+ Rxc4 31. Bxc4 {Threatening mate with Qd8+.} Qf3 32. Qd8+ {Weighted Error Value: White=0.42/Black=1.43} 1-0

[Event "32nd Iranian Women-ch 2022"]
[Site "Kermanshah"]
[Date "2022.03.03"]
[Round "4.2"]
[White "Ghomi, Parnian"]
[Black "Heydari, Maryam"]
[Result "1-0"]
[WhiteElo "2026"]
[BlackElo "1684"]
[Annotator "TA"]
[PlyCount "81"]
[EventDate "2022.02.28"]
[EventType "tourn"]
[EventCountry "IRI"]
[SourceTitle "playchess.com"]
[Source "ChessBase"]
[SourceQuality "1"]

{[%evp 10,81,38,29,74,16,38,44,42,-30,37,26,15,-10,5,0,17,6,9,-4,0,0,0,6,68,77,82,82,108,58,99,92,89,95,124,101,131,102,118,133,144,129,276,276,276,276,276,276,276,276,283,276,489,489,746,702,723,669,793,583,29984,29985,29990,29991,29991,29992,29992,29992,29992,29993,29993,29994,29996,29995]} 1. d4 Nf6 2. Bf4 g6 3. Nc3 Bg7 4. e4 O-O 5. Qd2 d6 6. Nf3 b6 {B08: Pirc Defence: Classical System.} (6... Bg4 $11) 7. Bd3 {White is more active.} (7. Bh6 $16) 7... Bb7 8. O-O-O Nbd7 {[%cal Bb8d7,Bd7c5,Bc5d3][%mdl 32] White is slightly better.} 9. h3 ({Better is} 9. Bh6 $14) 9... Re8 (9... b5 $11) 10. Bh6 $14 {Bxg7 is the strong threat.} e5 11. d5 Nc5 {[#]} 12. Bg5 $146 ({Predecessor:} 12. Rhg1 Nxd3+ 13. cxd3 Rc8 14. Kb1 Ba6 15. g4 Nd7 16. Na4 Nc5 17. Nxc5 bxc5 18. h4 {1-0 (52) Ulusoy,N-Uguzel,P Konya 2008}) 12... Nxd3+ 13. Qxd3 Qd7 14. g4 a5 15. a4 {[%cal Ba2a4,Ba4b5][%mdl 32]} Ba6 16. Nb5 Bxb5 (16... Rec8 $11) 17. axb5 a4 18. c4 Ra7 19. Kc2 ({White should play} 19. Bxf6 $16 Bxf6 20. Kc2) 19... Qc8 (19... a3 $14) 20. Bxf6 Bxf6 21. Ra1 Bg7 22. Rhg1 h6 23. Ra3 Qd7 24. h4 {[%cal Bh3h4,Bh4h5][%mdl 32]} Qe7 25. h5 {Threatens to win with g5.} g5 {Black cannot hold the game after this.} (25... Bf6 $16) 26. Rga1 $18 Rea8 27. Ng1 {[%cal Bf3g1,Bg1e2,Be2c3,Bc3a2][%mdl 32]} Qd7 28. Qf3 Ra5 29. Ne2 Qc8 30. Nc3 Kf8 $2 {[#]} (30... Qd8 31. Na2 (31. Nxa4 Bf8 $16) (31. Rxa4 Rxa4 32. Rxa4 Bf8 $18) 31... Qf6) 31. Na2 c5 (31... Qd7 $142 32. Nb4 Re8 33. Rxa4 Rea8) 32. dxc6 Qe6 33. Rc3 a3 34. bxa3 Rxa3 35. Rxa3 {White mates.} Qxc4+ 36. Nc3 Re8 37. Ra8 Qe6 38. Rxe8+ Qxe8 39. Ra7 f6 40. Qf5 Qb8 41. Qd7 {Weighted Error Value: White=0.20 (precise) /Black=0.45} 1-0

[Event "32nd Iranian Women-ch 2022"]
[Site "Kermanshah"]
[Date "2022.03.03"]
[Round "4.3"]
[White "Hamedi Nia, Vesal"]
[Black "Mahdian, Anousha"]
[Result "0-1"]
[WhiteElo "1980"]
[BlackElo "2179"]
[Annotator "TA"]
[PlyCount "114"]
[EventDate "2022.02.28"]
[EventType "tourn"]
[EventCountry "IRI"]
[SourceTitle "playchess.com"]
[Source "ChessBase"]
[SourceQuality "1"]

{[%evp 12,114,30,22,38,-5,-11,-30,-33,-26,-14,-19,-19,-27,0,-7,0,-6,0,0,0,-12,0,-18,-24,-18,-26,-79,-70,-82,-69,-82,-95,-98,-46,-37,-42,-48,-42,-68,-68,-137,-133,-131,-131,-134,-133,-170,-118,-241,-228,-217,-198,-195,-163,-255,-255,-255,-255,-775,-753,-564,-452,-432,-418,-2383,-718,-681,-652,-29980,-752,-29968,-29968,-29972,-29963,-5173,-2347,-5193,-1313,-29966,-547,-29973,-29974,-29976,-1252,-1162,-860,-29966,-29965,-29970,-972,-29965,-382,-29942,-7560,-29980,-29981,-29981,-29982,-29982,-29983,-29983,-29984,-29984,-29985]} 1. d4 d5 2. c4 e6 3. Nc3 Bb4 4. Qa4+ Nc6 5. e3 Nf6 6. Bd2 O-O 7. Nf3 Re8 {D38: Queen's Gambit Declined: Ragozin Defence (4 Nf3 Bb4).} 8. cxd5 (8. a3 $14 Bxc3 9. Bxc3) 8... exd5 $11 9. Bb5 Bd6 {Black has an edge.} 10. O-O Bd7 11. a3 a6 12. Be2 Ne4 {[%cal Oc6e5] [#]} (12... Bg4 {is more complex.} 13. h3 Bf5 14. Rfc1 h6 15. Nh4 Be6) 13. Qc2 $146 ({But not} 13. Nxd5 $2 Nb4 $1 {[%mdl 512]} 14. Qb3 Nxd5 15. Qxd5 Bg4 16. Qxb7 (16. Qa5 $2 b6 $19) 16... Nxd2 17. Nxd2 Bxe2 $19) ({Predecessor:} 13. Qd1 Be6 14. b4 Qf6 15. Na4 Qh6 16. Nc5 Bg4 17. g3 Qh5 18. Re1 b6 19. Nd3 {1-0 (28) Moskovic,D (2307)-Stoenescu,R (2175) Budapest 2009}) 13... Nxc3 14. Bxc3 Qf6 15. Bd3 h6 16. Rac1 Bg4 17. Ne5 Nxe5 18. dxe5 Bxe5 19. Bxe5 (19. Qb3 $1 $11) 19... Qxe5 $17 20. Qxc7 Qxb2 {Strongly threatening ...Rac8.} 21. Rb1 Qxa3 22. Rxb7 {[#]} Be6 (22... Rf8 $1 $17 23. Qc2 Be6) 23. Bf5 $15 {Hoping for Bxe6.} Rac8 24. Qf4 Rc4 25. Qe5 {aiming for Bxe6.} Qc3 26. Rb8 {[#]} Rxb8 $1 $17 {Chess con chili.} (26... Qxe5 $2 27. Rxe8#) 27. Qxb8+ Rc8 $1 28. Qf4 Qf6 $36 {[%mdl 2048] Black is in control.} 29. g4 Bxf5 ({Black should play} 29... a5 $19 30. Rd1 g6 31. Qxh6 Bxf5 32. gxf5 Qxf5) 30. gxf5 $19 {[%mdl 4096] Endgame KQR-KQR. This costs White the game.} (30. Qxf5 $17 {only move.} Qxf5 31. gxf5) 30... Rc4 31. Qf3 Re4 32. Rd1 Qe5 33. Rd2 (33. Rc1 {was worth a try.}) 33... a5 34. Ra2 a4 {White must now prevent ...Qb8.} 35. Qd1 $2 (35. Kg2) 35... Rh4 36. Kf1 Rxh2 37. Qxa4 Qxf5 {Threatens to win with ...Qf3.} 38. Qb5 (38. Qc2 $142 Rh1+ 39. Ke2 Qg4+ 40. Kd2 Qb4+ 41. Ke2) 38... Rh1+ (38... Qh5 $142 39. Qb8+ Kh7 40. Qxh2 Qxh2) 39. Ke2 Qg4+ 40. Kd2 Qf3 (40... Qd1+ $142 41. Kc3 d4+ 42. exd4 Rh3+ 43. Kb2 Qxd4+ 44. Kb1 Rh1+ 45. Kc2 Qxf2+ 46. Kb3 Rb1+ 47. Kc3 Rc1+ 48. Kb4 Rb1+ 49. Kc3 Rc1+ 50. Kb3 Rb1+ 51. Kc3) 41. Kc3 Rc1+ 42. Kb2 Rc4 43. Ka3 Qe4 (43... Rc3+ $142 44. Kb4 Rc8) 44. Rb2 Rc8 (44... Qd3+ $142 45. Rb3 Qc2) 45. Rb3 Qc4 (45... Qe5 $142 46. Ka2 Ra8+ 47. Ra3 Rxa3+ 48. Kxa3 Qa1+ 49. Kb4 Qb2+ 50. Kc5 Qxb5+ 51. Kxb5 h5 52. Kc6 h4 53. Kxd5 h3 54. e4 h2 55. f3 h1=Q 56. f4 Qd1+ 57. Kc6 Qc1+ 58. Kd6 Qxf4+ 59. Kd5 g5 60. e5 g4 61. Kc5 Qxe5+ 62. Kb6 g3 63. Kb7 g2 64. Kb6 g1=Q+ 65. Kc6 Qc1+ 66. Kb6 Qb1+ 67. Kc6 Qbb5#) 46. Qb7 Qc1+ 47. Rb2 Rc3+ (47... Rc2 $142 48. Qb3 Qxb2+ 49. Qxb2 Rxb2 50. Kxb2 h5 51. Kc3 h4 52. Kd4 h3 53. Kxd5 h2 54. f4 h1=Q+ 55. Ke5 Qg2 56. f5 Qf2 57. Kd4 Qxf5 58. e4 Qf2+ 59. Kd5 g5 60. Kc4 g4 61. e5 g3 62. Kd3 g2 63. e6 fxe6 64. Kc4 g1=Q 65. Kc3 Qb1 66. Kc4 Qff5 67. Kd4 Qbd3#) 48. Ka2 Rc5 {( -> ...Ra5+)} 49. Qb6 {Prevents Ra5+.} Qc4+ 50. Kb1 Rc8 (50... Qe4+ $142 51. Ka2 Qa4+ 52. Kb1 Qd1+ 53. Ka2 Rc1 54. Ka3 Rc3+ 55. Qb3 Qxb3+ 56. Rxb3 Rxb3+ 57. Kxb3 h5 58. Kc3 h4 59. Kd4 h3 60. Kxd5 h2 61. Ke5 h1=Q 62. f4 Qf3 63. Kd4 f5 64. Kd3 Kf7 65. Kd4 Ke6 66. e4 Qxe4+ 67. Kc3 Kd5 68. Kb3 Qd3+ 69. Kb2 Kc4 70. Ka2 Qd2+ 71. Ka3 Qe2 72. Ka4 Qa2#) 51. Qb7 Qc6 $2 (51... Qe4+ {mates} 52. Ka2 Qa4+ 53. Kb1 Qd1+ 54. Ka2 Rc1 55. Ka3 Ra1+ 56. Ra2 Qc1+ 57. Qb2 Qc5+ 58. Kb3 Qb5+ 59. Ka3 Qc5+ 60. Kb3 Qc4+ 61. Ka3 Qa6+ 62. Kb4 Rxa2 63. Qxa2 Qxa2 64. f4 h5 65. Kc5 h4 66. Kd6 h3 67. Ke7 h2 68. Kd6 h1=Q 69. Kc6 Qh6+ 70. Kc7 Qa7+ 71. Kc8 Qe6+ 72. Kd8 Qae7#) 52. Qb4 $2 (52. Qxc6 $19 Rxc6 53. Rd2) 52... Qg6+ 53. Ka1 Ra8+ {Black mates.} 54. Ra2 Qg1+ 55. Qb1 Qxb1+ 56. Kxb1 Rxa2 57. Kxa2 h5 {Weighted Error Value: White=0.73/Black=0.45} 0-1

[Event "32nd Iranian Women-ch 2022"]
[Site "Kermanshah"]
[Date "2022.03.03"]
[Round "4.4"]
[White "Parvizi, Anita"]
[Black "Azali, Tannaz"]
[Result "0-1"]
[WhiteElo "1693"]
[BlackElo "2100"]
[Annotator "TA"]
[PlyCount "130"]
[EventDate "2022.02.28"]
[EventType "tourn"]
[EventCountry "IRI"]
[SourceTitle "playchess.com"]
[Source "ChessBase"]
[SourceQuality "1"]

{[%evp 11,130,27,28,22,27,35,35,30,38,36,37,36,34,31,24,22,35,0,0,0,0,12,0,0,0,0,0,-87,0,0,0,0,0,-20,-26,-22,-27,-49,-26,-42,0,-118,-118,-107,-72,-82,0,-73,-24,-19,-15,-16,-16,-191,-189,-239,0,-234,-235,-234,-232,-246,-249,-235,-242,-240,-235,-220,-214,-217,-156,-172,-121,-114,-103,-109,-110,-114,-6,-107,-29,-128,-39,-31,0,-144,-151,-604,-137,-137,-133,-136,-93,-437,-431,-414,-415,-483,-487,-510,-512,-500,-496,-29945,-29946,-29936,-29943,-6804,-5089,-12797,-9681,-11002,-8836,-4331,-1879,-29975,-29976,-29983,-29984,-29985,-29986]} 1. e4 c5 2. Nf3 e6 3. d4 cxd4 4. Nxd4 Nc6 5. Nc3 Qc7 6. Be3 a6 7. Qf3 {7.g4 is a critical line. B48: Sicilian: Taimanov: 5 Nc3 Qc7 6 Be3 a6 without Be2.} Bd6 {Inhibits Qg3.} 8. O-O-O Be5 $1 9. g3 {White is slightly better.} Nge7 10. Qe2 b5 11. f4 {Threatens to win with Nxc6.} Bxd4 12. Bxd4 Nxd4 13. Rxd4 Rb8 14. e5 Bb7 15. Bg2 Bxg2 16. Qxg2 b4 17. Ne4 {aiming for Nd6+.} O-O 18. Rhd1 Nd5 {[#]} 19. Qe2 $146 {To avoid Ne3} (19. Qf3 $11) ({Predecessor:} 19. Rxd5 exd5 20. Nd6 a5 21. Qxd5 a4 22. Kb1 Qc6 23. f5 b3 24. Qxc6 dxc6 25. cxb3 axb3 {0-1 (50) Pridorozhni,A (2573)-Chigaev,M (2593) Kazan 2018}) 19... Rb6 (19... Qa5 $1 $17 {[%cal Ra5a2]} 20. Qf3 Qxa2) 20. Qd3 $11 h6 21. Rf1 Rc6 22. Rf2 Qa5 23. Qb3 Qb6 24. Rfd2 a5 $1 25. Nd6 {Inhibits Rfc8.} Ra8 (25... Rb8 $15 {was preferrable.}) 26. Qf3 (26. a4 $1 $11 {remains equal.}) 26... a4 $1 $17 27. a3 {[%cal Od6f5]} bxa3 28. Qxa3 Qa6 ({Better is} 28... Rb8 $17 {[%cal Oc6c3]} 29. c4 Qa5) 29. Qd3 {[#] To avoid Rc3} (29. c4 $11) 29... a3 {Really sharp!} (29... Qa7 $1 $17 {White must now prevent ...a3.} 30. Qa3 Rb8) 30. Qxa6 $11 Rcxa6 $40 {[%cal Bc6a6,Ba6a3,Ba3e3,Be3e1,Be1h1,Bh1h2,Bh2a2][%mdl 160] White needs to defend precisely.} 31. bxa3 Rxa3 32. Kd1 $2 {[#]} (32. Re2 $11 {and White stays safe.}) 32... Re3 $1 $19 {[%cal Ra8a1]} 33. R2d3 (33. Rf2 $142) 33... Ra1+ 34. Kd2 Ree1 {[%csl Ge1][%cal Ra1d1]} 35. c3 {[%cal Od4a4]} Rh1 {[%cal Rh1h2]} 36. Kc2 Rxh2+ 37. Kb3 Rb1+ 38. Kc4 Ra2 39. Rd2 Ra3 {[%csl Gd5][%cal Ra3c3]} 40. R4d3 Ra4+ 41. Kc5 Nc7 ({Black should try} 41... f6 $19 42. Nb5 fxe5 43. fxe5 Ra8) 42. c4 $17 Na6+ 43. Kd4 Nb4 44. Rc3 Re1 (44... Na2 $17 45. Re3 Nb4) 45. Re3 (45. Kc5 $11) 45... Rf1 (45... Rxe3 $17 46. Kxe3 Ra3+ 47. Kf2 Nd3+ 48. Kg2 g5 49. fxg5 hxg5) 46. Nb5 (46. Rb3 $11) 46... Nc6+ (46... g5 $17 47. Kc5 Na6+ 48. Kb6 Nb8) 47. Kc5 $15 Rc1 48. Re4 (48. Rc3 $11 {keeps the balance.} Na5 49. Rxc1 Nb3+ 50. Kb6 Nxd2 51. Nd6) 48... Na5 $17 49. Rxd7 $2 (49. Rd3 $17) 49... Raxc4+ $2 (49... Nxc4 $19 {has better winning chances.} 50. Rd8+ Kh7) 50. Rxc4 Nxc4 {[%mdl 4096] Endgame KRN-KRN} 51. Kb4 Nb6 (51... Ne3 $142 {And now ...Nd5+ would win.} 52. Nd6 f6 53. exf6 Nd5+ 54. Kb5 Nxf6) 52. Rb7 $2 {[%mdl 8192]} (52. Rd8+ $17 {is tougher.} Kh7 53. Nc3) 52... Nd5+ $19 53. Ka4 Ra1+ 54. Kb3 Rg1 55. Nd6 Rxg3+ 56. Kc4 Rg4 57. Rxf7 (57. Kd3 $19 Rxf4 58. Rb8+ Kh7 59. Rb7) 57... Rxf4+ 58. Rxf4 Nxf4 {KN-KN} 59. Kd4 g5 {[%cal Bg7g5,Bg5g4][%mdl 32]} 60. Ne4 Kf7 {( -> ...Nd5)} 61. Ke3 Kg6 62. Ng3 h5 63. Ke4 Nd5 {Black mates.} 64. Nf1 g4 65. Nh2 Kg5 {Weighted Error Value: White=0.78/Black=0.28 (precise)} 0-1

[Event "32nd Iranian Women-ch 2022"]
[Site "Kermanshah"]
[Date "2022.03.03"]
[Round "4.5"]
[White "Mahdavi, Mahdis"]
[Black "Masoumi, Sahar"]
[Result "1/2-1/2"]
[WhiteElo "1692"]
[BlackElo "1925"]
[Annotator "TA"]
[PlyCount "159"]
[EventDate "2022.02.28"]
[EventType "tourn"]
[EventCountry "IRI"]
[SourceTitle "playchess.com"]
[Source "ChessBase"]
[SourceQuality "1"]

{[%evp 13,159,17,41,45,46,45,39,25,45,19,20,21,19,-13,-6,-13,-21,-127,-76,-104,-93,-102,-112,-138,-162,-164,-154,-185,-81,-237,-225,-237,-236,-243,-223,-231,-230,-230,-160,-162,-157,-170,-108,-129,-45,-92,-97,-97,-67,-85,0,0,0,-47,-18,-23,0,0,0,0,0,-49,-33,-123,-115,-179,-118,-509,-132,-6149,-5989,-29979,-2339,-2262,-141,-141,-141,-141,-141,-141,-141,-147,-155,-208,-116,-174,-108,-128,-71,-71,-71,-71,-71,-141,-78,-235,-228,-257,-251,-250,-248,-227,0,-254,-236,-248,-258,-253,-193,-227,-218,-204,-190,-256,-252,-244,-247,-208,-154,-259,-252,-235,-221,-293,-260,-293,-193,-193,-202,-293,-244,-300,-294,-370,-370,-365,-293,-276,0,0,0,0,0,0,0,0,0,0]} 1. e4 c5 2. Nf3 Nc6 3. Bb5 g6 4. O-O Bg7 5. Re1 e5 6. Bxc6 dxc6 7. d3 Ne7 8. a3 {B31: Sicilian: 2...Nc6 3 Bb5 g6.} h6 9. Be3 b6 10. Nbd2 {[#] White is slightly better.} Be6 $146 ({Predecessor:} 10... a5 11. b4 cxb4 12. axb4 a4 13. Ra3 b5 14. Qa1 f6 15. Bc5 O-O 16. d4 g5 {1-0 (47) Vasiukov,E (2545)-Arbakov,V (2445) Moscow 1981}) 11. b3 O-O 12. Nc4 Qc7 13. Qd2 g5 14. h4 f6 15. g3 (15. b4 $11) 15... Ng6 (15... f5 $142 $1 16. exf5 Rxf5) 16. h5 Ne7 17. Nh2 f5 $1 {To avoid g4} 18. exf5 Nxf5 19. Qe2 b5 20. Nd2 e4 (20... Nxe3 $19 21. Qxe3 e4 22. Qxe4 Bd5) 21. Bxc5 $2 (21. Nxe4 $17 Nxe3 22. Nxc5) 21... Bxa1 $19 22. Rxa1 Qe5 {[%csl LRa1,LRc5]} 23. d4 Nxd4 24. Bxd4 Qxd4 25. Re1 Bf5 26. Ndf1 Rae8 27. Ne3 Qc3 (27... Bh3 $19 28. Nhg4 Qd6) 28. Rd1 Qc5 {Inhibits Rd6.} (28... Bh3 $17 29. Nhg4 Bxg4 30. Nxg4 Re6) 29. b4 (29. Nhg4 $15 Kh7 30. b4) 29... Qe5 $17 30. c4 Rd8 31. Rc1 Qd4 (31... Rc8 $17 32. Re1 Rfe8) 32. cxb5 $11 cxb5 33. Qxb5 (33. Nxf5 $11 {is more appropriate.} Rxf5 34. Ng4) 33... Be6 {[%cal Of8f2] aiming for ...Rxf2!} (33... Bh3 $5 {[%cal Rf8f2]} 34. Qc5 Qxc5 35. bxc5 Rf6 $17) 34. Qe2 Qd3 35. Qb2 Qd2 36. Rc2 {The board is on fire.} Qd4 $36 {[%mdl 2048] Black has good play.} 37. Qb1 (37. Qxd4 $11 {was preferrable.} Rxd4 38. Rc6) 37... Rc8 38. Re2 (38. Nhg4 $15) 38... Rc3 $17 39. Kg2 (39. Qa1 $17) 39... Rfc8 (39... Rxa3 $19 40. Qc1 Rc3) 40. Nhg4 $2 {[%mdl 8192]} (40. Qb2 $17 {is a better chance.}) 40... Qd3 $2 (40... Rc1 $19 {has better winning chances.} 41. Qb2 Bxg4 $1 {[%mdl 512]} 42. Qb3+ (42. Qxd4 $2 {gets mated.} Bf3+ 43. Kh3 Rh1#) 42... R8c4 $1 {[%mdl 512]} 43. Nxg4 Qd3 44. Qxd3 exd3) 41. Qb2 {[%mdl 8192]} (41. Re1 $17) 41... Bxg4 $19 42. Qa2+ Kg7 (42... Kf8 $142 43. Kh2 Qxe2 44. Qxe2 Bxe2 45. g4 Rxa3 46. Kg2 Rc1 47. b5 Bf3+ 48. Kh3 Raa1 49. Kh2 Rh1+ 50. Kg3 Rag1+ 51. Ng2 Rxg2#) 43. Rd2 Rxa3 $2 44. Qb2+ $17 Qc3 45. Qxc3+ Raxc3 46. Nxg4 {[%mdl 4096] Endgame KRR-KRN} R8c7 {To avoid Rd7+} 47. b5 Rd3 {Inhibits Rd6.} 48. Re2 (48. Ra2 $17) 48... Re7 (48... Rd5 $19 {Hoping for ...Re7.} 49. Rxe4 Rxb5) 49. Rc2 (49. Ra2 $17 {is a better defense.}) 49... Rd6 (49... Red7 $1 $19 50. Rc4 R3d5) 50. Ne3 {[#]} Rf7 {Prevents Nf5+.} (50... Kf6 $142 $1 51. Rc5 Red7) 51. g4 Rb6 52. Nf5+ Kh7 53. Rc4 (53. Rc5 $142) 53... Rd7 ({Reject} 53... Rxb5 $6 54. Nd6 Rbb7 55. Nxb7 Rxb7 56. Rxe4 $11) ({Better is} 53... e3 $1 {[%cal Re3f2] Strongly threatening ...exf2.} 54. fxe3 Rxb5) 54. Rxe4 $2 (54. Rc5 $17 {might work better.}) 54... Rxb5 $19 55. Re6 Rb6 56. Re8 Rb4 57. Re6 Rb6 58. Re8 Rdb7 59. Rd8 a6 60. Ra8 {Prevents Ra7.} Rc7 61. Ne3 Rd7 {Prevents Nd5.} 62. Nf5 Rf7 63. Kg3 (63. Kf3 $142) 63... Rb3+ 64. Kg2 Ra3 65. Rb8 Ra4 66. Kg3 {[#]} (66. f3 $17 {was necessary.}) 66... Rf6 $1 67. Rb7+ Kg8 68. Rg7+ Kh8 {[%cal Of6f5]} 69. Rb7 Ra1 70. Rb8+ Kh7 71. Rb7+ (71. Ra8 $142) 71... Kg8 72. Kf3 Ra4 73. Kg3 a5 74. Rg7+ Kh8 75. Ra7 Re6 $2 (75... Ra3+ $19 76. f3 a4) 76. Ra8+ $11 {The position is equal.} Kh7 {...Rb6 is the strong threat.} 77. Ra7+ $1 Kg8 {White must now prevent ...Rb6.} (77... Kh8 $5) 78. Ra8+ Kh7 79. Ra7+ $1 Kg8 {And now ...Rb6 would win.} (79... Kh8 $5) 80. Ra8+ {Weighted Error Value: White=0.60/Black=0.62} 1/2-1/2

[Event "32nd Iranian Women-ch 2022"]
[Site "Kermanshah"]
[Date "2022.03.03"]
[Round "4.6"]
[White "Paktinat, Zhina"]
[Black "Zahedifar, Anahita"]
[Result "0-1"]
[WhiteElo "1903"]
[BlackElo "2213"]
[Annotator "TA"]
[PlyCount "112"]
[EventDate "2022.02.28"]
[EventType "tourn"]
[EventCountry "IRI"]
[SourceTitle "playchess.com"]
[Source "ChessBase"]
[SourceQuality "1"]

{[%evp 10,112,18,25,19,13,25,15,13,6,33,-13,-10,-1,-8,-26,-16,-27,-25,-21,-25,-23,-8,-40,-23,-41,7,0,0,0,17,22,25,30,39,-87,-72,-151,-140,-139,-112,-127,-143,-282,-295,-272,-251,-256,-253,-341,-334,-338,-319,-300,-309,-312,-307,-305,-304,-358,-351,-509,-502,-519,-512,-596,-590,-561,-554,-629,-610,-615,-598,-566,-504,-584,-513,-695,-606,-577,-589,-853,-681,-868,-865,-862,-863,-811,-791,-7025,-6131,-2382,-2175,-12844,-12840,-12841,-12841,-12840,-12840,-12841,-12841,-12844,-12844,-12849,-12849]} 1. e4 c6 2. d4 g6 3. Nc3 d5 4. exd5 cxd5 5. Nf3 Bg7 6. Bb5+ Bd7 {B15: Caro-Kann: 3 Nc3: 3...g6 and 3...dxe4 4 Nxe4 Nf6 5 Nxf6+ exf6.} 7. Qe2 a6 8. Bxd7+ Qxd7 {The position is equal.} 9. Ne5 Qe6 (9... Bxe5 $5 10. dxe5 (10. Qxe5 Nf6 $11) 10... Nc6 $11) 10. O-O (10. Bf4 $14 {was preferrable.}) 10... Nc6 $11 11. Nxc6 Qxc6 {[#]} 12. Rd1 $146 ({Predecessor:} 12. Qd3 Nf6 13. Bg5 O-O 14. Rfe1 e6 15. Rad1 Rac8 16. Re3 b5 17. Rd2 Qc4 18. f3 Qxd3 19. Rexd3 {0-1 (26) Kapr,K (2059)-Bruchmann,S (2292) Berlin 2008}) 12... e6 13. Qd3 Rc8 14. Bf4 Ne7 15. Rd2 O-O 16. Re1 Nf5 17. Ne2 f6 (17... Rfd8 $15 {is superior.}) 18. Ng3 Nh6 19. Rde2 Rce8 20. Bd2 Qb6 21. a3 f5 {[%cal Bf6f5,Bf5f4][%mdl 32]} 22. c4 (22. Bxh6 $14 {stays ahead.} Bxh6 23. Nf1) 22... f4 $17 {aiming for ...dxc4. Black converts the advantage convincingly.} 23. c5 {[#]} Qc6 $1 24. Nf1 f3 $36 {[%mdl 2048] Black is really pushing.} 25. gxf3 Nf5 {[%cal Bh6f5,Bf5h4,Bh4f3][%mdl 32]} 26. Re5 (26. Ng3 $17 {was called for.}) 26... Bxe5 $19 27. Rxe5 Nh4 28. f4 {[#]} Qa4 $1 29. b4 Qd1 30. Qe2 Qxe2 {Dancing on a razor blade.} 31. Rxe2 Nf3+ 32. Kg2 Nxd4 33. Re5 Nc6 34. Re1 e5 {[%cal Be6e5,Be5f4][%mdl 32]} 35. Ne3 (35. fxe5 {is a better defense.} Rxe5 36. Rxe5 Nxe5 37. f4) 35... exf4 {Black is clearly winning.} 36. Nc2 Re4 37. Rxe4 dxe4 {[%mdl 4096] Endgame KRN-KBN} 38. a4 Ne5 39. b5 axb5 40. axb5 Rc8 41. Bxf4 Rxc5 {And now ...Nd3 would win.} 42. Na3 Nd3 43. Bd6 Rd5 44. Bg3 g5 {Strongly threatening ...Ne1+.} 45. h3 h5 {...Ne1+ is the strong threat.} 46. h4 gxh4 47. Bxh4 Nf4+ 48. Kh2 Rd3 49. Bg3 Ne2 50. Nc4 Nxg3 51. fxg3 {KR-KN} Rb3 52. Nd6 Rb2+ 53. Kg1 e3 {( -> ...Rb1+)} 54. Kf1 b6 55. Nc4 Rxb5 56. Nxe3 Rb3 {Weighted Error Value: White=0.37/Black=0.10 (very precise)} 0-1